[Event "Ch Poland (juniors) (under 20) (g) (1/2 final)"]
[Site "masterchessopen.com Poraj (Poland)"]
[Round "3"]
[White "Toma Katarzyna (POL)"]
[Black "Czarnota Dorota (POL)"]
[Result "1-0"]
[WhiteElo "2230"]
[BlackElo "2196"]

1.e4 c5 2.Nf3 d6 3.d4 cxd4 4.Nxd4 Nf6 5.Nc3 Nc6 6.Bg5 e6 7.Qd2 Be7 8.O-O-O O-O
9.f4 Nxd4 10.Qxd4 Qa5 11.Qd3 a6 12.Qg3 Rd8 13.Be2 Bd7 14.e5 dxe5 15.fxe5 Nd5
16.Nxd5 Bxg5+ 17.Qxg5 exd5 18.Kb1 Rac8 19.Rd4 h6 20.Qf4 Qc5 21.c3 Rc6 22.Rf1
Be6 23.g4 Rb6 24.Ka1 Rc8 25.Rf3 Qe7 26.Rg3 Qg5 27.Qxg5 hxg5 28.Rgd3 Rc4 29.b3
Rxd4 30.Rxd4 Kf8 31.Kb2 Ke7 32.Bf3 f6 33.exf6+ gxf6 34.Bxd5 Bxd5 35.Rxd5 Re6
36.Kc2 Re2+ 37.Rd2 Re4 38.Rg2 Ke6 39.Kd3 Rf4 40.Ke3 Ke5 41.h3 Rf1 42.Re2 f5
43.gxf5 Rxf5 44.Rf2 Rxf2 45.Kxf2 Kf4 46.c4 g4 47.hxg4 Kxg4 48.Ke3 Kf5 49.Kd4
{#r} 1-0

[Event "It (open)"]
[Site "masterchessopen.com Vlissingen (Netherlands)"]
[Round "9"]
[White "Zaragatski Ilja (GER)"]
[Black "Plukkel Sjoerd (NED)"]
[Result "1-0"]
[WhiteElo "2334"]
[BlackElo "2153"]

1.e4 c5 2.Nf3 d6 3.d4 cxd4 4.Nxd4 Nf6 5.Nc3 Nc6 6.Bg5 e6 7.Qd2 Be7 8.O-O-O O-O
9.f4 Nxd4 10.Qxd4 Qa5 11.Bc4 Bd7 12.e5 dxe5 13.fxe5 Bc6 14.Bd2 Nd7 15.Nd5 Qd8
16.Nxe7+ Qxe7 17.Rhe1 Rfd8 18.Bf1 Nf8 19.Qg4 Ng6 20.Bc3 Bd5 21.b3 Rdc8 22.Kb2
Qc7 23.Qd4 Qc6 24.g3 b5 25.Bd3 a5 26.h4 Bf3 27.Rc1 Ne7 28.Bd2 b4 29.Rf1 Rc7
30.c3 Rd7 31.Qe3 Bg2 32.Rf2 Qb7 33.c4 Rad8 34.Bc2 Nf5 35.Bxf5 exf5 36.e6 Re7
37.exf7+ Rxf7 38.Qg5 Qd7 39.Rxg2 Qd4+ 40.Kb1 Qe4+ 41.Rc2 Rfd7 42.Bc1 Rd1
43.Re2 Qd4 44.Qe3 {#r} 1-0

[Event "Dos Hermanas Qualifier (16-A)"]
[Site "masterchessopen.com Internet"]
[Date "2003.03.16"]
[Round "9"]
[White "Kobalia Mikhail (RUS)"]
[Black "Balogh Csaba (HUN)"]
[Result "1-0"]
[WhiteElo "2621"]
[BlackElo "2527"]

1.e4 c5 2.Nf3 d6 3.d4 cxd4 4.Nxd4 Nf6 5.Nc3 Nc6 6.Bg5 e6 7.Qd2 Be7 8.O-O-O
Nxd4 9.Qxd4 O-O 10.f4 Qa5 11.Bc4 Bd7 12.e5 dxe5 13.fxe5 Bc6 14.Bd2 Nd7 15.Nd5
Qd8 16.Nxe7+ Qxe7 17.Rhe1 Rfd8 18.Qg4 Nf8 19.h4 Ng6 20.h5 Qh4 21.Bxe6 fxe6
22.Qxe6+ Kh8 23.hxg6 Bxg2 24.Re3 Qf2 25.Rc3 Be4 26.Rh3 h6 27.Qf7 Qxf7 28.gxf7
Bd5 29.Ba5 b6 30.Rhd3 {#r} 1-0

[Event "Dos Hermanas Qualifier (17-A)"]
[Site "masterchessopen.com Internet"]
[Date "2003.03.17"]
[Round "4"]
[White "De La Paz Frank (CUB)"]
[Black "Balogh Csaba (HUN)"]
[Result "1-0"]
[WhiteElo "2491"]
[BlackElo "2527"]

1.e4 c5 2.Nf3 d6 3.d4 cxd4 4.Nxd4 Nf6 5.Nc3 Nc6 6.Bg5 e6 7.Qd2 Be7 8.O-O-O
Nxd4 9.Qxd4 O-O 10.f4 Qa5 11.Bc4 Bd7 12.Rd3 Bc6 13.Rg3 Kh8 14.Rh3 Qc5 15.Qd3
h6 16.Bb3 Kg8 17.Bh4 Rfe8 18.Rf1 b5 19.Bf2 Qb4 20.Bd4 Red8 21.a3 Qa5 22.f5 e5
23.Be3 b4 24.axb4 Qxb4 25.Bxh6 gxh6 26.Qg3+ Kf8 27.Rxh6 Ke8 28.Be6 d5 29.Qg7
Rd6 30.Rh8+ {#r} 1-0

[Event "Ch Hungary (juniors) (under 20)"]
[Site "masterchessopen.com Budapest (Hungary)"]
[Date "2003.04.19"]
[Round "6"]
[White "Szabo Krisztian (HUN)"]
[Black "Pataki Gyozo (HUN)"]
[Result "1-0"]
[WhiteElo "2394"]
[BlackElo "2321"]

1.e4 c5 2.Nf3 Nc6 3.d4 cxd4 4.Nxd4 Nf6 5.Nc3 d6 6.Bg5 e6 7.Qd2 Be7 8.O-O-O
Nxd4 9.Qxd4 O-O 10.f4 Qa5 11.Bc4 Bd7 12.e5 dxe5 13.fxe5 Bc6 14.Bd2 Nd7 15.Nd5
Qc5 16.Nxe7+ Qxe7 17.Rhe1 Nb6 18.Bf1 Rfd8 19.Qg4 Qc5 20.Bh6 Rxd1+ 21.Kxd1 g6
22.Qh4 Nd7 23.Kc1 Rc8 24.c3 b5 25.Kb1 a5 26.Qf4 Bd5 27.Re3 b4 28.Bg5 Qc6
29.Qd4 Qa4 30.c4 Qc6 31.Re1 b3 32.cxd5 bxa2+ 33.Kxa2 exd5 34.Rc1 Nc5 35.Be3
{#r} 1-0

[Event "It (open)"]
[Site "masterchessopen.com Ditzingen (Germany)"]
[Date "2003.05.29"]
[Round "2"]
[White "Ortmann David (GER)"]
[Black "Jerosch Gunnar (GER)"]
[Result "1-0"]
[WhiteElo "2261"]
[BlackElo "2083"]

1.e4 c5 2.Nf3 Nc6 3.d4 cxd4 4.Nxd4 Nf6 5.Nc3 d6 6.Bg5 e6 7.Qd2 Be7 8.O-O-O
Nxd4 9.Qxd4 O-O 10.f4 Qa5 11.Bc4 a6 12.Kb1 h6 13.Bh4 e5 14.Qd2 Nxe4 15.Nxe4
Qxd2 16.Rxd2 Bxh4 17.Nxd6 exf4 18.Rd4 Be6 19.Rxf4 Bg5 20.Re4 Bxc4 21.Rxc4 b5
22.Rc6 Bf4 23.g3 Be5 24.Re1 Bxd6 25.Rxd6 Rfe8 26.Rxe8+ Rxe8 27.a4 bxa4 28.Rxa6
Re4 29.Ka2 f5 30.Ka3 Re2 31.c4 Rxh2 32.Rxa4 g5 33.Ra5 Kf7 34.Rxf5+ Ke6 35.Ra5
Kd7 36.Ra6 h5 37.Rh6 Rh3 38.Kb4 Rxg3 39.Rxh5 Rg2 40.b3 g4 41.Rg5 g3 42.Kc5 Rg1
43.b4 Ke6 44.b5 Kf6 45.Rg8 {#r} 1-0

[Event "It (open)"]
[Site "masterchessopen.com Belgrade (Yugoslavia)"]
[Date "2004.01.26"]
[Round "6"]
[White "Andrijevic Milan (SRB)"]
[Black "Jovanovic Sasa T (SRB)"]
[Result "1-0"]
[WhiteElo "2402"]
[BlackElo "2286"]

1.e4 c5 2.Nf3 d6 3.d4 cxd4 4.Nxd4 Nf6 5.Nc3 Nc6 6.Bg5 e6 7.Qd2 Be7 8.O-O-O
Nxd4 9.Qxd4 O-O 10.f4 Qa5 11.Bc4 b5 12.Bxb5 Rb8 13.Bc4 h6 14.Bh4 e5 15.Qd3
exf4 16.Bb3 Be6 17.Kb1 Qh5 18.Bf2 Bg4 19.Rde1 a5 20.Bd4 Bd8 21.Qd2 f3 22.gxf3
Bxf3 23.Rhg1 g5 24.Rg3 a4 25.Bxa4 d5 26.Qf4 Nxe4 27.Nxe4 dxe4 28.Qe5 f6
29.Qxb8 Be7 30.Qc7 {#r} 1-0

[Event "Ch Germany"]
[Site "masterchessopen.com Hoeckendorf (Germany)"]
[Date "2004.01.30"]
[Round "1"]
[White "Roeschlau Bernd (GER)"]
[Black "Enders Peter (GER)"]
[Result "0-1"]
[WhiteElo "2276"]
[BlackElo "2456"]

1.e4 c5 2.Nf3 Nc6 3.d4 cxd4 4.Nxd4 Nf6 5.Nc3 d6 6.Bg5 e6 7.Qd2 Be7 8.O-O-O
Nxd4 9.Qxd4 O-O 10.f4 Qa5 11.e5 dxe5 12.Qxe5 Qxe5 13.fxe5 Nd5 14.Bxe7 Nxe7
15.Bb5 a6 16.Bd3 b5 17.Rhe1 Ra7 18.Be4 Rc7 19.Re3 Bd7 20.Red3 Bc6 21.Rd8 g6
22.a3 Rxd8 23.Rxd8+ Kg7 24.Bxc6 Nxc6 25.Ra8 b4 26.axb4 Nxb4 27.Rb8 Rc4 28.b3
Nc6 29.bxc4 Nxb8 30.Kd2 Kf8 31.Ne4 Ke7 32.Kc3 Nc6 33.Ng5 Nxe5 34.Kd4 f6 35.Ne4
Nd7 36.c5 Nb8 37.Kc4 Nc6 38.Nd6 f5 39.Nc8+ Kf6 40.Nd6 Ke5 41.Nf7+ Kf4 42.Kd3
Ne5+ {#R} 0-1

[Event "Ch Bulgaria (juniors) (under 20)"]
[Site "masterchessopen.com Pleven (Bulgaria)"]
[Date "2004.02.07"]
[Round "5"]
[White "Karakehajov Kalin (BUL)"]
[Black "Evstatiev Georgi (BUL)"]
[Result "1-0"]
[WhiteElo "2281"]
[BlackElo "2085"]

1.e4 c5 2.Nf3 Nc6 3.d4 cxd4 4.Nxd4 Nf6 5.Nc3 d6 6.Bg5 e6 7.Qd2 Be7 8.O-O-O O-O
9.f4 Nxd4 10.Qxd4 a6 11.Bc4 b5 12.Bb3 Bb7 13.Rhe1 h6 14.Bxf6 Bxf6 15.Qxd6 Qa5
16.e5 Rfd8 17.Qc5 Rdc8 18.Qf2 Bd8 19.f5 Bb6 20.Qg3 exf5 21.e6 f6 22.Rd7 g5
23.e7+ Kh8 24.Qh3 {#r} 1-0

[Event "It (open) \"]
[Site "masterchessopen.com Moscow (Russia)"]
[Date "2004.02.17"]
[Round "1"]
[White "Tsigelnitskiy Ilusha (RUS)"]
[Black "Bakre Tejas (IND)"]
[Result "0-1"]
[WhiteElo "2326"]
[BlackElo "2491"]

1.e4 c5 2.Nf3 d6 3.d4 cxd4 4.Nxd4 Nf6 5.Nc3 Nc6 6.Bg5 e6 7.Qd2 Be7 8.O-O-O O-O
9.f4 Nxd4 10.Qxd4 Qa5 11.Bc4 Bd7 12.e5 dxe5 13.Qxe5 Qb4 14.Bb5 Bxb5 15.Qxb5
Rfd8 16.Qxb4 Bxb4 17.Rxd8+ Rxd8 18.Ne4 Be7 19.Nxf6+ gxf6 20.Bh6 f5 21.Bg5 Bxg5
22.fxg5 Kg7 23.Rd1 Rxd1+ 24.Kxd1 Kg6 25.Ke2 Kxg5 26.Ke3 Kf6 27.Kd4 e5+ 28.Kd5
f4 29.c4 Kf5 30.b4 e4 31.Kd4 f3 32.gxf3 exf3 33.Ke3 Ke5 34.c5 Kd5 35.a4 Kc4
36.a5 a6 {#R} 0-1

[Event "It (cat.7)"]
[Site "masterchessopen.com Budapest (Hungary)"]
[Date "2004.04.06"]
[Round "4"]
[White "Seres Lajos (HUN)"]
[Black "Breder Dennis (GER)"]
[Result "0-1"]
[WhiteElo "2443"]
[BlackElo "2454"]

1.e4 c5 2.Nf3 d6 3.d4 cxd4 4.Nxd4 Nf6 5.Nc3 Nc6 6.Bg5 e6 7.Qd2 Be7 8.O-O-O
Nxd4 9.Qxd4 O-O 10.f4 Qa5 11.Bc4 Bd7 12.e5 dxe5 13.fxe5 Bc6 14.Bd2 Nd7 15.Nd5
Qc5 16.Nxe7+ Qxe7 17.Rhe1 Rfd8 18.Qg4 Nf8 19.Bd3 Rd5 20.Bb4 Qd8 21.h4 Ng6
22.Bxg6 hxg6 23.h5 gxh5 24.Qxh5 f5 25.Qg6 Qe8 26.Qg5 Rc8 27.b3 a5 28.Rxd5 Bxd5
29.Bxa5 Be4 30.c4 b5 31.Bc3 bxc4 32.b4 Qa4 33.Qd2 Kf7 34.Qf2 Bd3 35.g4 Ra8
36.gxf5 Bxf5 37.Rg1 Qxa2 38.Qxa2 Rxa2 39.Rg3 g5 40.b5 Ke8 41.b6 Kd7 42.Bd4 g4
43.Kd1 Be4 44.Rc3 Bd3 45.Bc5 Kc6 46.Bd4 g3 47.Rc1 Rh2 48.Bg1 Rf2 {#R} 0-1

[Event "Ch England (team) 2002/04"]
[Site "masterchessopen.com England"]
[Date "2004.05.02"]
[Round "8"]
[White "Kosteniuk Alexandra (RUS)"]
[Black "Wells Peter K (ENG)"]
[Result "1-0"]
[WhiteElo "2508"]
[BlackElo "2504"]

{ Kosteniuk Alexandra (RUS) +1 =0 -0 } 1.e4 { 1 } 1...c5 2.Nf3 Nc6 3.d4 cxd4
4.Nxd4 Nf6 5.Nc3 d6 6.Bg5 e6 7.Qd2 Be7 8.O-O-O O-O 9.f4 Nxd4 10.Qxd4 Qa5
11.Bc4 Bd7 12.Rd3 ( 12.e5 dxe5 13.fxe5 Bc6 14.Bd2 Nd7 15.Nd5 Qd8 ( 15...Qc5
16.Nxe7+ Qxe7 17.Rhe1 Rac8 18.Qg4 Rfe8 19.Bf1 { } ) 16.Nxe7+ Qxe7 17.Rhe1 Rfd8
18.Qg4 Nf8 19.Bd3 Rd5 20.Bb4 Qd8 21.Bd6 Ng6 22.c4 f5 23.Qg3 Rd4 24.Bc5 Rg4
25.Qe3 Qa5 26.Kb1 Rxg2 27.Rg1 Rxh2 28.Bd6 Qb6 29.Qc1 Bf3 30.c5 Qc6 31.Rde1 Bd5
{ ...1-0, Kosteniuk Alexandra 2455 - Galliamova Alisa 2547 , Moscow 2001 Ch
World FIDE (KO-system) (w) } ) 12...Rad8 ( 12...Rfd8 13.Rg3 Kh8 14.e5 dxe5
15.fxe5 Be8 16.Qe3 Ng8 17.Rf1 h6 18.Bxe7 Nxe7 19.Bd3 Rac8 20.Rf6 Ng8 21.Rf4
Qc5 22.Qe2 g6 23.h4 Rd4 24.Rxd4 Qxd4 25.Rg4 Qg1+ 26.Kd2 h5 27.Rg5 Nh6 28.Ne4
Qh2 29.Qe3 Kg7 30.Rxh5 Qxg2+ 31.Be2 gxh5 { 0-1, Bubalovic Davorin 2340 -
Lisenko Alexander V 2375 , Medulin 1997 Ch Croatia (team) (2nd league) } ) (
12...h6 13.Bxf6 Bxf6 14.e5 Be7 15.f5 { } ) 13.Rg3 ( 13.e5 dxe5 14.Qxe5 Qb4
15.Rg3 Kh8 16.Bd3 Bc6 17.Rh3 Rxd3 18.Rxd3 Ng4 19.Bxe7 Qxe7 20.Qe2 Nf6 21.Rhd1
Qc7 22.g3 b5 23.Qe3 h6 24.Qc5 Rc8 25.Nxb5 Qa5 26.b4 Qxb5 27.Rd8+ Rxd8 28.Rxd8+
Kh7 29.Qxb5 Bxb5 30.Rd4 Kg6 31.c4 Be8 32.Rd6 Kf5 { ...1-0, Shabalov Alexander
2600 - Littke Adam 2290 , North Bay 1994 It (open) } ) 13...Kh8 14.e5 ( 14.Rf1
h6 15.e5 dxe5 16.fxe5 Be8 17.Qf4 Nh5 18.Bxh6 Nxf4 19.Bxg7+ Kh7 20.Rxf4 Rg8
21.Rfg4 Rxg7 22.Rxg7+ Kh6 23.Rg8 Kh7 24.R8g7+ { 1/2-1/2, Shirov Alexei 2685 -
Kramnik Vladimir 2710 , Groningen 1993 Ch World (qual) (PCA) } ) 14...dxe5
15.fxe5 Bc6 16.Qe3 Ng8 { = } 17.h4 { } ( 17.Bd3 h6 18.h4 b5 19.Kb1 b4 20.Ne2
Rd5 21.Qe4 Rxd3 22.Qxd3 Qxe5 23.Bxe7 Nxe7 24.Qd4 Qxd4 25.Nxd4 Be4 26.Re1 Bg6
27.Rge3 Rc8 28.R3e2 Nd5 { 1/2-1/2, Kotronias Vasilios 2590 - Kramnik Vladimir
2710 , Belgrade 1993 It } ) 17...h6 { N ^254 ^00 ^00 ^00 ^04 !? } ( 17...Qb6
18.Qe2 h6 19.Bd3 Qd4 20.Rg4 Qc5 21.Bf4 ( 21.Be3 Qxe5 22.Bxh6 Bf6 23.Be3 Nh6
24.Rg5 Nf5 25.Rh3 Kg8 26.Rg4 Qa5 27.Bd2 Qb6 28.Qf1 Rd4 29.Rxd4 Qxd4 30.Bg5 Qg4
31.Qf4 Qxf4+ 32.Bxf4 Bxg2 33.Rh2 Bc6 34.h5 Bxc3 35.bxc3 Nh6 36.Rd2 Re8 { 0-1,
Van Putten Henk 2159 - Stuart Toon, Netherlands 1994 Ch Netherlands (corr.) }
) 21...f5 22.exf6 Nxf6 23.Rg5 Qb4 24.Bc7 Rxd3 25.cxd3 hxg5 26.hxg5+ Nh7 27.g6
Bg5+ 28.Kb1 Bh6 29.gxh7 Qe7 30.Be5 Qg5 31.a3 Kxh7 32.Bd6 Rd8 33.Qxe6 Qg6
34.Qxg6+ Kxg6 35.Be5 Rxd3 36.Re1 Bxg2 37.Nb5 { ...0-1, Morovic Fernandez Ivan
2585 - Leko Peter 2555 , Wijk aan Zee 1994 It (a) } ) ( 17...b5 18.Bd3 b4
19.Bxe7 Nxe7 20.Qg5 Ng6 21.h5 Qxe5 22.hxg6 Qxg5+ 23.Rxg5 bxc3 24.Rxh7+ Kg8
25.bxc3 Rd5 26.Rg4 fxg6 27.Rh1 Re5 28.Bxg6 Rf6 29.Bh7+ Kf8 30.Bd3 Rh6 31.Rxh6
gxh6 32.Rg6 h5 33.g3 Be8 34.Rf6+ Kg7 35.Rf4 Re3 36.Re4 Rxg3 37.Rxe6 {
...1/2-1/2, Smikovski Ivan 2489 - Sherbakov Ruslan 2558 , Samara 2000 Ch
Russia } ) 18.Qe2 Rd4 19.Bd3 Rfd8 20.Bd2 b5 21.Kb1 { ? } ( 21.Rf1 Be8 22.Kb1
b4 23.Nd1 { } ) 21...b4 22.Nd1 Be4 { ?! } ( 22...Bd5 { !? } 23.a3 f5 24.exf6
Nxf6 { } ) 23.Nf2 Bf5 { ?! } ( 23...Bd5 { !? } 24.a3 Qb6 25.Be3 bxa3 { } )
24.Rf3 Qd5 25.Bf4 { ?! } ( 25.Be3 { !? } 25...Rxh4 26.Rxh4 Bxh4 27.g3 { } )
25...a5 26.Rg1 Bxh4 27.g3 Be7 28.g4 { ? } ( { ? } 28.Bxf5 exf5 29.Be3 Qxe5
30.Nd3 { } ) 28...Bh7 { ? } ( { ? } 28...Bxd3 29.Nxd3 a4 30.Be3 Re4 { } )
29.g5 hxg5 30.Rh3 { ?! } ( 30.Bxg5 { !? } 30...Bxg5 31.Rxg5 Nh6 32.Rh3 { } )
30...Nh6 31.Bxg5 Bxg5 32.Rxg5 a4 { ? } ( { ? } 32...f5 33.Rh1 a4 34.Qh5 Rg8 {
} ) 33.Rxg7 { ? } ( 33.Qd2 Rg8 34.Qc1 Rxd3 35.cxd3 { } ) 33...Rxd3 { ?? } ( {
? } 33...Kxg7 34.Qh5 Ng8 35.Qxh7+ Kf8 { } ) 34.Rxh7+ Kxh7 35.cxd3 Qg2 { ?! } (
35...Rg8 { !? } 36.Ng4 Rxg4 37.Qxg4 Qxd3+ { } ) 36.Rxh6+ Kg7 37.Rh1 { } {#r}
1-0

[Event "Memorial J.Capablanca (c) (cat.8)"]
[Site "masterchessopen.com Habana (Cuba)"]
[Date "2004.05.07"]
[Round "2"]
[White "De La Paz Frank (CUB)"]
[Black "Borriss Martin (GER)"]
[Result "1-0"]
[WhiteElo "2491"]
[BlackElo "2439"]

1.e4 c5 2.Nf3 d6 3.d4 cxd4 4.Nxd4 Nf6 5.Nc3 Nc6 6.Bg5 e6 7.Qd2 Be7 8.O-O-O O-O
9.f4 Nxd4 10.Qxd4 Qa5 11.Kb1 h6 12.Bh4 e5 13.Qf2 exf4 14.Nd5 Nxd5 15.Rxd5 Bxh4
16.Qxh4 Qb4 17.Bd3 Be6 18.Rb5 Qd2 19.Rf1 b6 20.g3 f3 21.Qf4 Qxh2 22.Qxf3 g6
23.e5 dxe5 24.Rxe5 Rae8 25.Qe3 Bd7 26.Bc4 Rxe5 27.Qxe5 Bf5 28.Bb3 h5 29.Re1
Qf2 30.a3 Rc8 31.Re2 Qc5 32.Qf6 Qc7 33.Ka2 Be6 34.Rxe6 fxe6 35.Qxg6+ Kh8
36.Bxe6 Rb8 37.Qxh5+ Kg7 38.Qg5+ Kf8 39.Qg8+ Ke7 40.Qf7+ Kd6 41.Qf4+ Kc6
42.Bd5+ Kd7 43.Qf5+ Kd6 44.Qe6+ Kc5 45.b4+ Kd4 46.Qe4+ {#r} 1-0

[Event "It (cat.10)"]
[Site "masterchessopen.com Bangkok (Thailand)"]
[Date "2004.06.10"]
[Round "9"]
[White "Nguyen Anh Dung (VIE)"]
[Black "Aung Thant Zin (MYA)"]
[Result "1-0"]
[WhiteElo "2567"]
[BlackElo "2477"]

1.e4 c5 2.Nf3 Nc6 3.d4 cxd4 4.Nxd4 Nf6 5.Nc3 d6 6.Bg5 e6 7.Qd2 Be7 8.O-O-O O-O
9.f4 Nxd4 10.Qxd4 Qa5 11.Bc4 Bd7 12.Kb1 Rfd8 13.Bb3 b5 14.e5 dxe5 15.fxe5 b4
16.exf6 gxf6 17.Bxf6 Bxf6 18.Qxf6 bxc3 19.Rd3 Be8 20.Rg3+ Kf8 21.Bxe6 Rd6
22.Qg7+ Ke7 23.Bxf7 {#r} 1-0

[Event "Ch Greece (team)"]
[Site "masterchessopen.com Aghia Pelagia (Greece)"]
[Date "2004.07.04"]
[Round "1"]
[White "Berkes Ferenc (HUN)"]
[Black "Kotronias Vasilios (GRE)"]
[Result "1-0"]
[WhiteElo "2630"]
[BlackElo "2599"]

{ } 1.e4 { 1 } 1...c5 2.Nf3 Nc6 3.d4 cxd4 4.Nxd4 Nf6 5.Nc3 d6 6.Bg5 e6 7.Qd2
Be7 8.O-O-O O-O 9.f4 Nxd4 10.Qxd4 Qa5 11.Bc4 Bd7 12.e5 dxe5 13.fxe5 Bc6 14.Bd2
Nd7 15.Nd5 Qd8 16.Nxe7+ Qxe7 17.Rhe1 Rfc8 { ? } ( 17...Rfd8 18.Qg4 Nf8 19.Bd3
Rxd3 20.cxd3 Qd7 21.Bb4 Ng6 22.Bd6 f5 23.Qg5 Bd5 24.b3 Qc6+ 25.Kb2 Qb6 26.g3
Qd4+ 27.Kb1 Rc8 28.Qe3 Qxe3 29.Rxe3 f4 30.gxf4 Nxf4 31.Rf1 Ng6 32.Rc1 Rxc1+
33.Kxc1 Nh4 34.Re2 g5 35.Kd2 Kg7 36.Rf2 Nf5 37.Bc7 { ...1/2-1/2, Svidler Peter
2710 - Anand Viswanathan 2795 , Linares 1998 It (cat.21) } ) 18.Qg4 { ± }
18...Nf8 19.Bd3 ( 19.h4 Qc5 20.Bd3 ( 20.h5 Bf3 { } ) 20...Ng6 21.Bc3 Qf2
22.Bxg6 hxg6 23.Re2 Qf5 24.Qg3 Qh5 25.Red2 Bd5 26.b3 a5 27.Kb2 b5 28.a3 a4
29.b4 Rc4 30.Bd4 Be4 31.c3 Rd8 32.Re1 Bf5 33.Qg5 Rd5 34.Qf4 Qg4 35.Qf2 g5
36.hxg5 Qxg5 37.Rh1 Bh7 38.g4 f6 { ...1-0, Grischuk Alexander 2719 - Kotronias
Vasilios 2607 , Tripoli 21. 6.2004 Ch World FIDE (KO-system) } ) 19...Ng6 { }
( 19...a5 20.h4 Bd5 21.Kb1 Ng6 22.g3 Qc7 23.Qg5 Bf3 24.Rc1 Rd8 25.Qe3 Bg4
26.Qg5 h5 27.Bf4 Nf8 28.Bd2 Rd5 29.Bc3 Rc8 30.Be2 f5 31.Bxg4 hxg4 32.h5 Nh7
33.Qf4 Qd8 { 0-1, Hanisch Joerg 2203 - Gschnitzer Oswald 2435 , Germany 1997
Oberliga Baden 1997/98 } ) 20.Bb4 { N ^254 ^00 ^00 ^00 ^04 ! } ( 20.g3 Qc7 (
20...a5 21.h4 Qf8 22.Kb1 b5 23.Bg5 b4 24.Bxg6 hxg6 25.Rd6 f5 26.Qd4 Qf7 27.Rc1
Bd5 28.c4 bxc3 29.Rxc3 Rxc3 30.Qxc3 { 1/2-1/2, Marciano David 2395 - Wauters
Alain 2204 , France 1994 Ch France (team) } ) 21.Bc3 b5 22.h4 Qb7 23.Rf1 b4
24.Bd4 Qc7 25.Qe2 Qa5 26.h5 b3 27.axb3 Nf8 28.Bc3 Qc7 29.h6 gxh6 30.Qh5 Qb7
31.Rf4 Ng6 32.Qxh6 Bb5 33.Rb4 a6 34.Rh1 Qf3 35.Bxg6 { 1-0, Liu Dede 2375 - Zaw
Win Lay 2465 , Yangon 1998 Zt } ) ( 20.Re3 Qc5 21.Rde1 Bb5 22.Bb4 Qb6 23.Bd6
Bxd3 24.Rxd3 Qa6 25.Ra3 Rc4 26.Qf3 Nh4 27.Qf2 Qc6 28.b3 Rg4 29.g3 Nf5 30.Rxa7
Rc8 31.Qc5 Qxc5 32.Bxc5 h5 33.Bf2 b5 34.Rb7 b4 35.h3 Rg5 36.Rg1 Rc3 37.Rxb4
Ne7 38.a4 Nd5 39.Re4 Rf3 { ...1-0, Smirin Ilia 2664 - Vydeslaver Alik 2431 ,
Tel Aviv 2002 Ch Israel } ) 20...Qh4 21.Qxh4 Nxh4 22.g3 a5 23.Ba3 Nf3 24.Re2
h5 25.Rf1 b6 26.h3 Ra7 27.Re3 Nd4 28.b3 Rd7 29.Rf4 Rcd8 { ?! } ( 29...Nb5 { !?
} 30.Bb2 Nc7 31.Rd4 Nd5 { } ) 30.Bd6 Nb5 31.Bxb5 Bxb5 32.Rh4 g6 33.g4 f5
34.gxh5 g5 35.Rg3 Rg7 36.h6 Rdd7 37.Rh5 f4 { ?! } ( 37...Rg6 { !? } 38.a4 Bc6
39.Rhxg5 Rxg5 { } ) 38.Rc3 Rgf7 39.h7+ Rxh7 40.Rc8+ Kg7 41.Rxg5+ Kh6 42.h4 { }
{#r} 1-0

[Event "Ch Paris (open)"]
[Site "masterchessopen.com Paris (France)"]
[Date "2004.07.09"]
[Round "7"]
[White "Mendeiros Jerome (FRA)"]
[Black "Bitalzadeh Ali (NED)"]
[Result "0-1"]
[WhiteElo "2222"]
[BlackElo "2289"]

1.e4 c5 2.Nf3 d6 3.d4 cxd4 4.Nxd4 Nf6 5.Nc3 Nc6 6.Bg5 e6 7.Qd2 Be7 8.O-O-O
Nxd4 9.Qxd4 O-O 10.f4 Qa5 11.Bc4 Bd7 12.Rd3 Rad8 13.Rg3 Kh8 14.e5 dxe5 15.fxe5
Bc6 16.Qe3 Ng8 17.h4 Bc5 18.Qe2 Rd7 19.Rf1 Rd4 20.h5 b5 21.Bd3 b4 22.Nb1 Be7
23.Bf4 f5 24.Nd2 Rxd3 25.cxd3 Qxa2 26.Nc4 Bb5 27.Be3 b3 28.Bd4 Bb4 {#R} 0-1

[Event "It (open)"]
[Site "masterchessopen.com Amsterdam (Netherlands)"]
[Date "2004.07.19"]
[Round "3"]
[White "Wiersma Eelke (NED)"]
[Black "Bitalzadeh Ali (NED)"]
[Result "1-0"]
[WhiteElo "2423"]
[BlackElo "2289"]

1.e4 c5 2.Nf3 d6 3.d4 cxd4 4.Nxd4 Nf6 5.Nc3 Nc6 6.Bg5 e6 7.Qd2 Be7 8.O-O-O
Nxd4 9.Qxd4 O-O 10.f4 Qa5 11.Kb1 Rd8 12.Bd3 e5 13.Qe3 exf4 14.Bxf4 Be6 15.Nd5
Bxd5 16.exd5 Re8 17.c4 Qc7 18.Rhf1 g6 19.Qf3 Nd7 20.Bg3 Bf6 21.Qf4 Re5 22.h4
Rf8 23.Qf2 Ree8 24.c5 Be5 25.Bb5 Rd8 26.cxd6 Qxd6 27.Bxe5 Nxe5 28.Qxa7 Qb4
29.Qd4 Qxd4 30.Rxd4 Rd6 31.Ba4 Rfd8 32.Bb3 Nc6 33.dxc6 Rxd4 34.c7 Rc8 35.Rxf7
{#r} 1-0

[Event "It (cat.8)"]
[Site "masterchessopen.com Balatonlelle (Hungary)"]
[Date "2004.07.21"]
[Round "3"]
[White "Balogh Csaba (HUN)"]
[Black "Hoelzl Franz (AUT)"]
[Result "1-0"]
[WhiteElo "2527"]
[BlackElo "2370"]

1.e4 c5 2.Nf3 d6 3.d4 cxd4 4.Nxd4 Nf6 5.Nc3 Nc6 6.Bg5 e6 7.Qd2 Be7 8.O-O-O O-O
9.f4 Nxd4 10.Qxd4 Qa5 11.Kb1 h6 12.h4 d5 13.e5 Bc5 14.Qd3 Nd7 15.Qg3 Kh8
16.Bd3 Re8 17.Qg4 Bf8 18.Rh3 Qb4 19.Bxh6 Nxe5 20.Bxg7+ Bxg7 21.Qh5+ Kg8
22.fxe5 {#r} 1-0

[Event "Cup Russia \"]
[Site "masterchessopen.com Internet"]
[Date "2004.09.07"]
[Round "0"]
[White "Solodovnichenko Yuri (UKR)"]
[Black "Motylev Alexander (RUS)"]
[Result "0-1"]
[WhiteElo "2516"]
[BlackElo "2651"]

1.e4 c5 2.Nf3 d6 3.d4 cxd4 4.Nxd4 Nf6 5.Nc3 Nc6 6.Bg5 e6 7.Qd3 Be7 8.f4 Nxd4
9.Qxd4 O-O 10.O-O-O Qa5 11.Qd3 Rd8 12.Kb1 Bd7 13.g4 Bc6 14.Bg2 Rd7 15.Qg3 h6
16.h4 Kf8 17.e5 dxe5 18.fxe5 Rxd1+ 19.Rxd1 hxg5 20.Bxc6 bxc6 21.hxg5 Nd5
22.Ne4 Rb8 23.Qh3 Ke8 24.Qh8+ Bf8 25.Nd6+ Kd7 26.Qh5 Nc3+ 27.Kc1 Nxa2+ 28.Kb1
Nc3+ 29.Kc1 Qa1+ 30.Kd2 Qxd1+ 31.Kxc3 Qe1+ 32.Kc4 Qf1+ 33.Kc3 Bxd6 34.exd6
Qf3+ 35.Kd2 Rb5 {#R} 0-1

[Event "It (open)"]
[Site "masterchessopen.com Graz (Austria)"]
[Date "2004.09.08"]
[Round "5"]
[White "Ertl Johann (AUT)"]
[Black "Danner Georg (AUT)"]
[Result "0-1"]
[WhiteElo "2198"]
[BlackElo "2436"]

1.e4 c5 2.Nf3 Nc6 3.d4 cxd4 4.Nxd4 Nf6 5.Nc3 d6 6.Bg5 e6 7.Qd2 Be7 8.O-O-O O-O
9.f4 Nxd4 10.Qxd4 Qa5 11.Bd3 h6 12.Bh4 e5 13.Qf2 exf4 14.Bxf6 Bxf6 15.Nd5 Be5
16.Kb1 Be6 17.Bc4 Bxd5 18.Bxd5 Qb4 19.c4 Rac8 20.g3 fxg3 21.hxg3 b5 22.cxb5
Rc5 23.Rd3 Rxb5 24.Rb3 Qa5 25.g4 Rxb3 26.axb3 Qb6 27.Qe2 Bf6 28.Rc1 Be5 29.Rc6
Qg1+ 30.Ka2 g6 31.Rc7 Qb6 32.Rb7 Qd4 33.Rc7 Kg7 34.Rc4 Qg1 35.Rc7 Qb6 36.Rc6
Qa5+ 37.Kb1 Re8 38.b4 Qd8 39.Qc4 Re7 40.Ka2 Qd7 41.Qe2 Qd8 42.Qc4 Rd7 43.Rc8
Qf6 44.Qc2 Qf3 45.g5 hxg5 46.Ra8 Qh3 47.Bb3 Qh2 48.Qc1 Rc7 49.Qb1 Qd2 50.Ka3
Rb7 {#R} 0-1

[Event "It (open)"]
[Site "masterchessopen.com Binissalem (Spain)"]
[Date "2004.10.09"]
[Round "9"]
[White "Garcia Martinez Silvino (CUB)"]
[Black "Mascaro March Pedro (ESP)"]
[Result "1-0"]
[WhiteElo "2374"]
[BlackElo "2323"]

1.e4 c5 2.Nf3 d6 3.d4 cxd4 4.Nxd4 Nf6 5.Nc3 Nc6 6.Bg5 e6 7.Qd2 Be7 8.O-O-O O-O
9.f4 Nxd4 10.Qxd4 Qa5 11.Kb1 Rd8 12.Bc4 Bd7 13.Rhe1 b5 14.Bb3 Bc6 15.Nd5 Bxd5
16.exd5 h6 17.dxe6 hxg5 18.exf7+ {#r} 1-0

[Event "Olympiad"]
[Site "masterchessopen.com Calvia (Spain)"]
[Date "2004.10.20"]
[Round "6"]
[White "Jiravorasuk Banjuab (THA)"]
[Black "Allor Chukwuka (NGR)"]
[Result "1-0"]
[WhiteElo "2323"]
[BlackElo "2145"]

1.e4 c5 2.Nf3 d6 3.d4 cxd4 4.Nxd4 Nf6 5.Nc3 Nc6 6.Bg5 e6 7.Qd2 Be7 8.O-O-O O-O
9.f4 Nxd4 10.Qxd4 Qa5 11.Bc4 Bd7 12.e5 dxe5 13.fxe5 Bc6 14.Bd2 Nd7 15.Nd5 Qd8
16.Nxe7+ Qxe7 17.Rhe1 Nb6 18.Bd3 Rfd8 19.Qg4 Rxd3 20.cxd3 Bd5 21.Kb1 a5 22.Rc1
Nd7 23.Re3 Nf8 24.h4 Ng6 25.g3 Qd7 26.h5 Ne7 27.Ree1 b5 28.Bh6 g6 29.Bg5 Nf5
30.Rc5 b4 31.Rec1 b3 32.Rc7 bxa2+ 33.Ka1 Qe8 34.hxg6 fxg6 35.Bf6 h5 36.Qg5 Rb8
37.g4 hxg4 38.Qxg4 {#r} 1-0